Sáng mãi đạo lý “uống nước nhớ nguồn” Bài 2

Gespeichert in:
Bibliographische Detailangaben
1. Verfasser: S.A
Format: Buch
Sprache:Undetermined
Schlagworte:
Online Zugang:http://lrc.tdmu.edu.vn/opac/search/detail.asp?aID=2&ID=24367
Tags: Tag hinzufügen
Keine Tags, Fügen Sie den ersten Tag hinzu!
Thư viện lưu trữ: Trung tâm Học liệu Trường Đại học Thủ Dầu Một
LEADER 00731nam a2200169Ia 4500
001 TDMU_24367
008 210410s9999 xx 000 0 und d
082 |a 959.7 
100 |a S.A 
245 0 |a Sáng mãi đạo lý “uống nước nhớ nguồn” 
245 0 |c S.A 
245 0 |n Bài 2 
245 0 |p Ấm lòng với bao nghĩa cử cao đẹp 
300 |a 4Tr 
650 |a Ngày Thương binh - Liệt sĩ ; Công ty Cổ phần Đầu tư xây dựng Chánh Phú Hòa; Khu an táng mẹ Việt Nam anh hùng; Lịch sử  
856 |u http://lrc.tdmu.edu.vn/opac/search/detail.asp?aID=2&ID=24367 
980 |a Trung tâm Học liệu Trường Đại học Thủ Dầu Một